00683nam a2200145Ia 4500008004100000020001500041050002100056100003900077245006800116260003100184300001700215500009900232505017200331650003400503121028s2007 mx 000 0 spa d a9708110590 4aK5401 bG65 200710aGONZÁLEZ Llanes, Mario A.eautor10aManual de procedimientos penales c/ Mario A. González Llanes aMéxicob : ISEFc , 2007 a90 páginas aIncluye apéndice Contiene información publicada e el D.O.F. hasta el 17 de abril del 2007 aAveriguación previa Procedimiento penal ordinario Procedimiento penal sumario Apéndice: Orden alfabético de los delitos contenidos en el código penal federal 0aPROCEDIMIENTO PENALxMANUALES